<?xml version='1.0' encoding='UTF-8'?>
  <record xmlns="http://www.loc.gov/MARC21/slim">
    <leader>00000cam a2200000 i 4500</leader>
    <controlfield tag="001">ocm62266391</controlfield>
    <controlfield tag="003">OCoLC</controlfield>
    <controlfield tag="005">20240210061653.1</controlfield>
    <controlfield tag="008">051113s1570    gw            000 0 ger d</controlfield>
    <datafield tag="040" ind1=" " ind2=" ">
      <subfield code="a">EMT</subfield>
      <subfield code="b">eng</subfield>
      <subfield code="e">rda</subfield>
      <subfield code="e">dcrmr</subfield>
      <subfield code="c">EMT</subfield>
      <subfield code="d">OCLCG</subfield>
      <subfield code="d">OCLCA</subfield>
      <subfield code="d">OCLCQ</subfield>
      <subfield code="d">OCLCO</subfield>
      <subfield code="d">OCLCF</subfield>
      <subfield code="d">OCLCO</subfield>
      <subfield code="d">QGJ</subfield>
      <subfield code="d">OCLCO</subfield>
      <subfield code="d">OCLCQ</subfield>
      <subfield code="d">OCLCL</subfield>
    </datafield>
    <datafield tag="035" ind1=" " ind2=" ">
      <subfield code="a">(OCoLC)62266391</subfield>
    </datafield>
    <datafield tag="041" ind1="1" ind2=" ">
      <subfield code="a">lat</subfield>
      <subfield code="a">grc</subfield>
      <subfield code="h">ger</subfield>
    </datafield>
    <datafield tag="100" ind1="1" ind2=" ">
      <subfield code="a">Heerbrand, Jakob,</subfield>
      <subfield code="d">1521-1600,</subfield>
      <subfield code="e">author.</subfield>
      <subfield code="4">aut</subfield>
      <subfield code="1">https://id.oclc.org/worldcat/entity/E39PBJgH8jWgVJ7xGxvp9vVV4q</subfield>
    </datafield>
    <datafield tag="245" ind1="1" ind2="0">
      <subfield code="a">Oratio funebris, de vita et morte reverendi viri, pietate, eruditione, sapientia, constantia, &amp;c. praestantißimi D. Ioannis Brentii, Ecclesiae Studtgardiensis Praepositi dignissimi, de Repub. Christiana optimè meriti: praecipiarum rerum in Ecclesia historiam horum quinquaginta annorum breuiter complectens, scripta et habita Tubingae 20. Septembris /</subfield>
      <subfield code="c">a Iacobo Heerbrando, Sacrosanctae Theologiae Doctore, eiusdem[que]; in Academia Tubingensi Professore. ; Accesserunt epicidia quaedam virorum doctißimorum.</subfield>
    </datafield>
    <datafield tag="246" ind1="3" ind2=" ">
      <subfield code="a">De vita et morte Ioannis Brentii</subfield>
    </datafield>
    <datafield tag="264" ind1=" " ind2="1">
      <subfield code="a">Tubingae, :</subfield>
      <subfield code="b">[Ulrich Morhart (Erben)],</subfield>
      <subfield code="c">M.D. LXX. [1570]</subfield>
    </datafield>
    <datafield tag="300" ind1=" " ind2=" ">
      <subfield code="a">119 pages ;</subfield>
      <subfield code="c">20 cm (4to)</subfield>
    </datafield>
    <datafield tag="336" ind1=" " ind2=" ">
      <subfield code="a">text</subfield>
      <subfield code="b">txt</subfield>
      <subfield code="2">rdacontent</subfield>
    </datafield>
    <datafield tag="337" ind1=" " ind2=" ">
      <subfield code="a">unmediated</subfield>
      <subfield code="b">n</subfield>
      <subfield code="2">rdamedia</subfield>
    </datafield>
    <datafield tag="338" ind1=" " ind2=" ">
      <subfield code="a">volume</subfield>
      <subfield code="b">nc</subfield>
      <subfield code="2">rdacarrier</subfield>
    </datafield>
    <datafield tag="340" ind1=" " ind2=" ">
      <subfield code="m">4to</subfield>
      <subfield code="2">rdabf</subfield>
    </datafield>
    <datafield tag="500" ind1=" " ind2=" ">
      <subfield code="a">Signatures: A-P⁴; P4 verso is blank.</subfield>
    </datafield>
    <datafield tag="500" ind1=" " ind2=" ">
      <subfield code="a">Contains also: Prior pars testamenti D. Iohannis Brentii, de ipsius et confessione et ministerio, ex autographo Germanico in Latinam linguam conversa (pages 57-66).</subfield>
    </datafield>
    <datafield tag="510" ind1="4" ind2=" ">
      <subfield code="a">Verzeichnis der im deutschen Sprachbereich erschienenen Drucke des 16. Jahrhunderts (VD 16),</subfield>
      <subfield code="c">H 1049</subfield>
    </datafield>
    <datafield tag="510" ind1="4" ind2=" ">
      <subfield code="3">Prior pars testamenti D. Iohannis Brentii, de ipsius et confessione et ministerio, ex autographo Germanico in Latinam linguam conuersa:</subfield>
      <subfield code="a">Verzeichnis der im deutschen Sprachbereich erschienenen Drucke des 16. Jahrhunderts (VD 16)</subfield>
      <subfield code="c">B 7903</subfield>
    </datafield>
    <datafield tag="500" ind1=" " ind2=" ">
      <subfield code="a">Printer from VD 16 on-line. In printed version of VD 16. erroneously attributed to Georg Gruppenbach.</subfield>
    </datafield>
    <datafield tag="500" ind1=" " ind2=" ">
      <subfield code="a">Initial.</subfield>
    </datafield>
    <datafield tag="500" ind1=" " ind2=" ">
      <subfield code="a">Errata on last page.</subfield>
    </datafield>
    <datafield tag="500" ind1=" " ind2=" ">
      <subfield code="a">Funeral sermon for Johann Brenz, Lutheran preacher and reformer in Württemberg.</subfield>
    </datafield>
    <datafield tag="500" ind1=" " ind2=" ">
      <subfield code="a">With contributions by Johannes Brasberger, Balthasar Bidenbach, Wilhelm Bidenbach, Stephan Feyerabend, Paul Huldenreich, Martin Crusius, Johannes Lauterbach, Leonhard Engelhart, Jacob Gretter d. J., Konrad Zasius, Erhard Cell, Jakob Kaufmann, Simon Studion, Nikodemus Frischlin, Heinrich Polan d. Ä, W. F. N., Andreas Fabricius, Augustinus Fabricius, Johannes Schleifer, Georg Hala, Georg Ostermaier,</subfield>
    </datafield>
    <datafield tag="546" ind1=" " ind2=" ">
      <subfield code="a">Epicedia in Latin or Greek.</subfield>
    </datafield>
    <datafield tag="600" ind1="1" ind2="0">
      <subfield code="a">Brenz, Johannes,</subfield>
      <subfield code="d">1499-1570</subfield>
      <subfield code="x">Death and burial.</subfield>
    </datafield>
    <datafield tag="600" ind1="1" ind2="7">
      <subfield code="a">Brenz, Johannes,</subfield>
      <subfield code="d">1499-1570</subfield>
      <subfield code="2">fast</subfield>
      <subfield code="1">https://id.oclc.org/worldcat/entity/E39PBJmXQ9kGjYWtVCGMqW4rMP</subfield>
    </datafield>
    <datafield tag="700" ind1="1" ind2=" ">
      <subfield code="i">Container of (expression):</subfield>
      <subfield code="a">Brenz, Johannes,</subfield>
      <subfield code="d">1499-1570.</subfield>
      <subfield code="t">Testament oder letzter Wille, sein Predigtamt, Glauben, Lehre und Bekenntnis betreffend.</subfield>
      <subfield code="l">Latin.</subfield>
    </datafield>
    <datafield tag="700" ind1="1" ind2=" ">
      <subfield code="a">Gruppenbach, Georg,</subfield>
      <subfield code="d">-1610,</subfield>
      <subfield code="e">printer,</subfield>
      <subfield code="e">attributed name.</subfield>
      <subfield code="4">prt</subfield>
      <subfield code="4">att</subfield>
      <subfield code="1">https://id.oclc.org/worldcat/entity/E39PBJy8x8mvR6Y3mmxqkhWqwC</subfield>
    </datafield>
    <datafield tag="700" ind1="1" ind2=" ">
      <subfield code="a">Morhart, Magdalena,</subfield>
      <subfield code="e">printer.</subfield>
      <subfield code="4">prt</subfield>
    </datafield>
    <datafield tag="752" ind1=" " ind2=" ">
      <subfield code="a">Germany</subfield>
      <subfield code="d">Tübingen,</subfield>
      <subfield code="e">publication place.</subfield>
      <subfield code="4">pup</subfield>
    </datafield>
    <datafield tag="758" ind1=" " ind2=" ">
      <subfield code="i">has work:</subfield>
      <subfield code="a">Oratio funebris, de vita et morte reverendi viri, pietate, eruditione, sapientia, constantia, [et]c. praestantissimi D. Ioannis Brentii, Ecclesiae Studtgardiensis Praepositi dignissimi, de repub. Christiana optimè meriti: praecipiarum rerum in Ecclesia historiam horum quinquaginta annorum breuiter complectens, scripta et habita Tubingae 20. Septembris (Text)</subfield>
      <subfield code="1">https://id.oclc.org/worldcat/entity/E39PCFMPwdJ4XbCD4hVpwTpvDy</subfield>
      <subfield code="4">https://id.oclc.org/worldcat/ontology/hasWork</subfield>
    </datafield>
  </record>